000 00419pam a2200157a 44500
008 230515b1979 xxu||||| |||| 00| 0 eng d
020 _aNULL
041 _aENGLISH
082 _a630
100 _a7906-1978
245 _aHELICAL COMPRESSION SPRINGS PART-VI DESIGN AND CALCULATION FOR SPRINGS MADE FROM RECTANGULAR SECTION BAR STEEL
250 _a0
260 _aDELHI
_bISI
_c1979
300 _a23
650 _aNULL
999 _c652205
_d652205